Регионална библиотека "Любен Каравелов" - Русе

Загадките на руския север (Запис номер 44244)

MARC детайли
000 -Лидер
Контролно поле с фиксирана дължина 01912nam a2200433 c 4500
003 - Код на организацията, давaща контролен номер
Контролно поле BLK
005 - Дата и час на последна редакция
Контролно поле 20180420221526.0
008 - Елементи от данни с фиксирана дължина
fixed length control field 180408b bul|||||r ||||||| ||bul||
010 ## - Наследен системен номер
LC control number KNG00048009000
020 ## - Международен стандартен номер на книга ISBN
Международен стандартен номер на книга ISBN 954-738-116-4
-- издат.: Литера Прима
040 ## - Източник на каталожния запис
Идентификатор на билиотеката - собственик на записа BLK
041 ## - Код за език
Код за езика на текст/звукозапис или на отделно заглавие Български
Код за езика КДБФ Български
080 ## - УДК
Текстов определител УДК История на европ. племена и народи, германци, келти, брити и славяни
УДК код - определител по УДК 936
УДК определител
УДК - код + определител 936
080 ## - УДК
Текстов определител УДК История на Русия и СССР. Вж и 936 ; 957
УДК код - определител по УДК 94(470)
УДК определител
УДК - код + определител 94(470)
080 ## - УДК
Текстов определител УДК Етнология. Етнография. Нрави. Обичаи. Бит. Фолклористика. Вж и 572 ; 903 ; 904
УДК код - определител по УДК 39
УДК определител (470)(091)
УДК - код + определител 39(470)(091)
100 1# - Редна дума - Автор
Автор Демин, Валерий Никитич
Авторска отговорност първи автор
R(LIN) 279259
139 ## - Редно поле
Редна дума Демин, Валерий Никитич
Авторски знак Дем - Д 40
245 10 - Сведения за заглавието
Заглавие Загадките на руския север
Редно поле (дума) Валерий Никитич Демин; прев. от рус. Анелия Симеонова.
257 ## - Страна на издаване
Страна на създаване/издаване Русия
260 ## - Област на издателските данни
-- София
Име на издателя, разпространителя и проч. Литера Прима
Година на издаване 2005
300 ## - Физическа характеристика
Страници 368 с.
Илюстрации и др. с ил.
Размери/Мащаб 20 см
380 ## - Жанр
Жанр Общ отдел
490 1# - СЕРИИ (Колекции)
Име на серия Поредица Тайни и загадки
№: серия Кн. 101
500 ## - Общи забележки
Забележка Ориг. загл. Загадки русского севера / В. Н. Демин. - Офс. изд. - Библиогр. с. 362-366.
504 ## - Забележка за наличие на библиография и др
Забележка за наличие на библиография и под. 362-366
650 #4 - Допълнително описание по предмет – тема
Основно описание – тема или топоним Русия - история
9 (RLIN) 249464
650 #4 - Допълнително описание по предмет – тема
Основно описание – тема или топоним Русия - култура
9 (RLIN) 273230
650 #4 - Допълнително описание по предмет – тема
Основно описание – тема или топоним Митология
9 (RLIN) 162418
653 ## - Ключова дума – ненормативна
Ключова дума Хиперборея
653 ## - Ключова дума – ненормативна
Ключова дума хипотези
653 ## - Ключова дума – ненормативна
Ключова дума история
653 ## - Ключова дума – ненормативна
Ключова дума Русия
700 1# - Други автори (авторска отговорност)
Лично име Симеонова, Анелия
Автороска отговорност (Описва отношението между автора и произведението) прев. от рус.
9 (RLIN) 279260
852 ## - Местоположение
Форматна сигнатура Цб 222439
856 4# - Електронен адрес и достъп
Електронен формат pdf - файл
Път до файла /url/
856 4# - Електронен адрес и достъп
Електронен формат pdf - файл
Път до файла /url/
942 ## - АРТИКУЛИ
Вид на библиотечния материал Книги
Скрит в OPAC Не
944 ## - СЪЗДАВАНЕ И РЕДАКЦИЯ на ЗАПИСА
Създаване/Редакция Създаване
Дата на регистрацията/редакция 03.02.2005
Служител, извършил регистрацията/редакцията Геновева_Генчева
944 ## - СЪЗДАВАНЕ И РЕДАКЦИЯ на ЗАПИСА
Създаване/Редакция Редакция
Дата на регистрацията/редакция 05.02.2007
Служител, извършил регистрацията/редакцията
999 ## - СИСТЕМНИ КОНТРОЛНИ НОМЕРА
Koha biblionumber 44244
Koha biblioitemnumber 44244
Наличности
Код за отписване Код за изгубен артикул Код за повреда Коз за рестрикции Код за отдаване Артикулен № Име на библиотеката - собственик Име на библиотеката, в която се намира в момента Статус (Текущо местоположение) Дата на вписване в системата Местоположение - отдел Цена в лева Инвентарен номер Систематично азбучна сигнатура Баркод Номер на екземпляра Цена в евро Служебна бележка Служебен тип на артикула
  Не е изгубен Не е повреден без рестрикции ползва се в читалня 69540 Регионална библиотека "Любен Каравелов" Русе Регионална библиотека "Любен Каравелов" Русе Хранилище 2007-01-31 Хранилище 10.00 120000708986 Цб 222439 120000708986 1 5.11 Дост: Dp Вид: Д N: 9 Дата: 08.02.2006 Книги
Vip Innovations Ltd, Rousse, Bulgaria 2025